Central Library OPAC University of Rajshahi
Normal view MARC view

Entry Topical Term

Number of records used in: 2

001 - CONTROL NUMBER

  • control field: 17899

003 - CONTROL NUMBER IDENTIFIER

  • control field: BD-RjUL

005 - DATE AND TIME OF LATEST TRANSACTION

  • control field: 20260330111843.0

008 - FIXED-LENGTH DATA ELEMENTS

  • fixed length control field: 260330|| aca||aabn | a|a d

040 ## - CATALOGING SOURCE

  • Original cataloging agency: BD-RjUL
  • Transcribing agency: BD-RjUL

150 ## - HEADING--TOPICAL TERM

  • Topical term or geographic name entry element: اردو مزاحیہ ادب طنز و مزاح (Humor & Satire)

670 ## - SOURCE DATA FOUND

  • Source citation: Work cat.: (BD-RjUL)86266: Buk̲h̲ārī, Ae Es ا1898-1958, 17898, پطرس کے مضامىن ىعنى مضامىن / Pat̤ras ke maẓāmīn yaʻnī maẓāmīn / , Aḥmad Shāh Buk̲h̲ārī Pat̤ras , 1961